[Event "Fouesnant op 14th"]
[Site "Fouesnant"]
[Date "2008.11.01"]
[Round "9"]
[White "Talec, Patricia"]
[Black "Berthou, Christian"]
[Result "0-1"]
[WhiteElo "1490"]
[BlackElo "1857"]
[PlyCount "58"]
[EventDate "2008.10.25"]
[EventType "swiss"]
[EventRounds "9"]
[EventCountry "FRA"]
[SourceTitle "EXT 2009"]
[Source "ChessBase"]
[SourceDate "2008.11.26"]
[SourceVersion "1"]
[SourceVersionDate "2008.11.26"]
[SourceQuality "1"]

1. e4 c5 2. Nf3 Nc6 3. Bc4 e6 4. Nc3 a6 5. a4 Qc7 6. d3 Nf6 7. 0-0 Be7 8. Bg5 0-0 9. Re1 b6 10. e5 Ne8 11. Bxe7 Nxe7 12. Nh4 Nc6 13. f4 Bb7 14. Re3 d5 15. Nxd5 exd5 16. Bxd5 Qd8 17. Qh5 Qxd5 18. Rg3 Ne7 19. Qg5 f6 20. Qh5 fxe5 21. f5 Rf6 22. Rh3 Nxf5 23. Nf3 Nh6 24. Re1 Rf5 25. Qh4 Nf6 26. Rg3 Rf8 27. Qxh6 Nh5 28. Rg5 Rxf3 29. Qxh5 Qd4+ 0-1

[Event "Fouesnant op 14th"]
[Site "Fouesnant"]
[Date "2008.10.25"]
[Round "1"]
[White "Thomas, Jean Noel"]
[Black "Talec, Patricia"]
[Result "1-0"]
[WhiteElo "1730"]
[BlackElo "1490"]
[PlyCount "33"]
[EventDate "2008.10.25"]
[EventType "swiss"]
[EventRounds "9"]
[EventCountry "FRA"]
[SourceTitle "EXT 2009"]
[Source "ChessBase"]
[SourceDate "2008.11.26"]
[SourceVersion "1"]
[SourceVersionDate "2008.11.26"]
[SourceQuality "1"]

1. d4 d5 2. c4 e6 3. Nc3 Nf6 4. cxd5 Nxd5 5. e4 Nb6 6. Be3 c6 7. Nf3 Be7 8. Bd3 0-0 9. h4 f5 10. exf5 exf5 11. Bg5 h6 12. Bf4 Nd5 13. Nxd5 cxd5 14. Ne5 Bd6 15. Rc1 Re8 16. Qh5 Qf6 17. Qxe8+ 1-0